African Countries by Clue - Whammies - Statistics

General Stats
  • This quiz has been taken 76 times
  • The average score is 9 of 54
Answer Stats
Clue Country % Correct
Has the longest coastline of any African country Somalia
66%
Only African country landlocked by another country Lesotho
61%
Timbuktu is located here Mali
51%
Is the last country alphabetically Zimbabwe
51%
The Suez Canal is located here Egypt
34%
Founded by freed slaves Liberia
34%
The northernmost country in Africa Tunisia
34%
Has an AK-47 on its' flag Mozambique
32%
Nelson Mandela became president of this country in 1994 South Africa
32%
The largest country in Africa Algeria
29%
The capital is Ouagadougou Burkina Faso
29%
Only African country where Hinduism is a majority religion Mauritius
29%
Its' film industry is sometimes called 'Nollywood' Nigeria
29%
Currently in a civil war Sudan
27%
Belgium once owned this country Democratic Republic of the Congo
24%
The only African country with an absolute monarchy Eswatini
22%
Biggest country not part of mainland Africa Madagascar
22%
Has an exclave province Angola
20%
Has the highest nominal GDP capita of any African country Seychelles
20%
Has Mt. Kilimanjaro Tanzania
20%
Was once known as the Kingdom of Dahomey Benin
17%
The largest landlocked country Chad
15%
Contains the Namib desert Namibia
15%
Has the most elephants of any country in the world Botswana
12%
Muammar Gadaffi ruled here until 2011 Libya
12%
The name translates to 'lion mountain' Sierra Leone
12%
The world's youngest country South Sudan
12%
The only Muslim-majority country in Southern Africa Comoros
10%
Has never been colonized Ethiopia
10%
Became the first country to gain independence in sub-saharan Africa Ghana
10%
Has Victoria Falls Zambia
10%
The smallest country in continental Africa Gambia
7%
Exports the third-most amount of cashews Guinea-Bissau
7%
Has the world's oldest university Morocco
7%
One of the cleanest countries on Earth Rwanda
7%
Sometimes referred to as "Africa in Miniature" Cameroon
5%
No one lived here until 1456 Cape Verde
5%
Has the lowest point of land in Africa Djibouti
5%
Isaias Afwerki has been the only president of this country Eritrea
5%
This country's national animal is the lion Kenya
5%
Zomba was its' former capital Malawi
5%
A Portuguese explorer established a colony here in 1493 São Tomé and Príncipe
5%
The poorest country in the world Burundi
2%
Bitcoin is an official currency here Central African Republic
2%
Mobil discovered oil here in 1995 Equatorial Guinea
2%
Home to "Africa's last Eden" Gabon
2%
Has the largest church in the world Ivory Coast
2%
Has officially 'abolished' slavery thrice Mauritania
2%
Part of the W National Park is located here Niger
2%
Refined copper is its' second biggest export Republic of the Congo
2%
It has Saloum Delta, a UNESCO Heritage Site Senegal
2%
Sometimes called the "Pearl of Africa" Uganda
2%
Held its' first democratic election in 2010 Guinea
0%
One of the world's biggest phosphate producers Togo
0%
No matching quizzes found
Score Distribution
Percent of People with Each Score
Percentile by Number Answered
Your Score History
You have not taken this quiz